ბათუმის შოთა რუსთაველის სახელმწიფო უნივერსიტეტის ბიბლიოთეკა

კანონმდებლობის შექმნა : (ბიბ.ჩანაწერი № 58920)

000 -ლიდერი
ფიქსირებული სიგრძის საკონტროლო ველი 02032nam a22002777a 4500
003 - საკონტროლო ნომრის იდენტიფიკატორი
საკონტროლო ველი Ge_BSU
005 - ბოლო ოპერაციის თარიღი და დრო
საკონტროლო ველი 20221019121525.0
008 - ფიქსირებული სიგრძის მონაცემთა ელემენტები - ზოგადი ინფორმაცია
ფიქსირებული სიგრძის საკონტროლო ველი 221019s2021 ge ||||| |||| 00| 0 geo d
020 ## - წიგნის საერთაშორისო სტანდარტული ნომერი
International Standard Book Number 9789941479847
041 ## - ენის კოდი
Language code of text/sound track or separate title geo
080 ## - უნივერსალური ათობითი კლასიფიკაციის ინდექსი
Universal Decimal Classification number 340.1(479.22) + 342.537(479.22) მ-43
100 ## - მთავარი ჩანაწერი - პიროვნების სახელი
Personal name მაჭარაძე, ზურაბ
9 (RLIN) 8184
245 ## - ცნობა სათაურის შესახებ
Title კანონმდებლობის შექმნა :
Remainder of title თეორია და პრაქტიკა /
Statement of responsibility, etc ზურაბ მაჭარაძე, ანა ნაცვლიშვილი, ვახტანგ ხმალაძე ; საერთო რედაქცია ვახტანგ ხმალაძისა ; რედაქტორი გიორგი კვერენჩხილაძე ; ყდის დიზაინი და დაკაბადონება გიორგი ბაგრატიონი.
264 ## - წარმოების, გამოცემის, დისტრიბუციის და სხვა ცნობები
გამოცემის, წარმოების, დისტრიბუციის... ადგილი თბილისი :
გამოცემის, წარმოების, დისტრიბუციის... სახელწოდება ნეკერი,
გამოცემის, წარმოების, დისტრიბუციის... თარიღი 2021.
300 ## - ფიზიკური აღწერა
Extent 328 გვ. ;
Other physical details 20 სმ.
500 ## - ზოგადი შენიშვნა
General note გამოცემულია საქართველოს ღია საზოგადოების ფონდის ფინანსური მხარდაჭერით.
501 ## - შენიშვნა თანმხლებ მასალაზე
With note საძიებელი: გვ. 321-327.
504 ## - BIBLIOGRAPHY, ETC. NOTE
Bibliography, etc ბიბლიოგრაფია ტექსტის შენიშვნებში და გვ. 312-317.
653 ## - INDEX TERM--UNCONTROLLED
Uncontrolled term საქართველოს კანონშემოქმედება.
653 ## - INDEX TERM--UNCONTROLLED
Uncontrolled term სამართალი
700 ## - ADDED ENTRY--PERSONAL NAME
Personal name ნაცვლიშვილი, ანა
Relator term ავტორი
9 (RLIN) 15358
700 ## - ADDED ENTRY--PERSONAL NAME
Personal name ხმალაძე, ვახტანგ
Relator term ავტორი, რედაქტორი
9 (RLIN) 11154
700 ## - ADDED ENTRY--PERSONAL NAME
Personal name კვერენჩხილაძე, გიორგი
Relator term რედაქტორი.
9 (RLIN) 5323
700 ## - ADDED ENTRY--PERSONAL NAME
Personal name ბაგრატიონი, გიორგი
Relator term ყდის დიზაინერი
9 (RLIN) 15359
942 ## - ADDED ENTRY ELEMENTS (KOHA)
Source of classification or shelving scheme
Koha item type წიგნი
ეგზემპლარები
ჩამოწერის სტატუსი დაკარგული ეგზემპლარის სტატუსი კლასიფიკაციის წყარო ან თაროზე გაწყობის სქემა დაზიანების სტატუსი არ გაიცემა მუდმივი მდებარეობა (დაცვის ადგილი) ამჟამინდელი ადგილსამყოფელი თაროზე განთავსების ადგილი შეძენის თარიღი ღირებულება, შესყიდვის ნორმალური ფასი სრული შენახვის შიფრი შტრიხკოდი ბოლო ოპერაციის თარიღი ეგზემპლარის მიმდევრობითი ნომერი (კეტერი?) ფასის ძალაში შესვლის თარიღი ეგზემპლარის სახეობა საჯარო შენიშვნა
          ბათუმის შოთა რუსთაველის სახელმწიფო უნივერსიტეტის მთავარი ბიბლიოთეკა ბათუმის შოთა რუსთაველის სახელმწიფო უნივერსიტეტის მთავარი ბიბლიოთეკა წიგნსაცავი 2022-10-19 12.00 340.1(479.22) + 342.537(479.22) მ-43 63093 2022-10-19 63093 2022-10-19 წიგნი 12 ლ.
          ბათუმის შოთა რუსთაველის სახელმწიფო უნივერსიტეტის მთავარი ბიბლიოთეკა ბათუმის შოთა რუსთაველის სახელმწიფო უნივერსიტეტის მთავარი ბიბლიოთეკა წიგნსაცავი 2022-10-19 12.00 340.1(479.22) + 342.537(479.22) მ-43 63094 2022-10-19 63094 2022-10-19 წიგნი 12 ლ.
          ბათუმის შოთა რუსთაველის სახელმწიფო უნივერსიტეტის მთავარი ბიბლიოთეკა ბათუმის შოთა რუსთაველის სახელმწიფო უნივერსიტეტის მთავარი ბიბლიოთეკა წიგნსაცავი 2022-10-19 12.00 340.1(479.22) + 342.537(479.22) მ-43 63095 2022-10-19 63095 2022-10-19 წიგნი 12 ლ.